International economic law
The book covers all the major elements of economic law in the international arena including the World Trade Organization and its antecedents; dumping, subsidies, and other devices that alter the market; the International Monetary System, including the collapse of the Bretton Woods system; the debt o...
में बचाया:
| मुख्य लेखक: | |
|---|---|
| स्वरूप: | पुस्तक |
| भाषा: | Undetermined |
| प्रकाशित: |
New York
Oxford University Press
2008
|
| विषय: | |
| टैग : |
टैग जोड़ें
कोई टैग नहीं, इस रिकॉर्ड को टैग करने वाले पहले व्यक्ति बनें!
|
| Thư viện lưu trữ: | Trung tâm Học liệu Trường Đại học Cần Thơ |
|---|
| LEADER | 01349nam a2200217Ia 4500 | ||
|---|---|---|---|
| 001 | CTU_152365 | ||
| 008 | 210402s9999 xx 000 0 und d | ||
| 020 | |c 98.89 | ||
| 082 | |a 343.07 | ||
| 082 | |b L913 | ||
| 100 | |a Lowenfeld, Andreas F. | ||
| 245 | 0 | |a International economic law | |
| 245 | 0 | |c Andreas F. Lowenfeld | |
| 260 | |a New York | ||
| 260 | |b Oxford University Press | ||
| 260 | |c 2008 | ||
| 520 | |a The book covers all the major elements of economic law in the international arena including the World Trade Organization and its antecedents; dumping, subsidies, and other devices that alter the market; the International Monetary System, including the collapse of the Bretton Woods system; the debt of developing countries; the law of foreign direct investment, including changing perceptions of the rights of host states and multinational enterprises; and economic sanctions. The book also contains chapters on competition law, environmental law, and new chapters on intellectual property and the various forms of arbitration; demonstrating how these subjects fit into the framework of international economic law. | ||
| 650 | |a Foreign trade regulation,Money,Luật thương mại,Tiền | ||
| 650 | |x Law and legislation,Pháp chế | ||
| 904 | |i Hương Sen | ||
| 980 | |a Trung tâm Học liệu Trường Đại học Cần Thơ | ||